<?xml version="1.0" encoding="UTF-8"?>
<collection xmlns:xsi="http://www.w3.org/2001/XMLSchema-instance" xsi:schemaLocation="http://www.loc.gov/MARC21/slim http://www.loc.gov/standards/marcxml/schema/MARC21slim.xsd" xmlns="http://www.loc.gov/MARC21/slim">
 <record>
  <leader>00000cam a22000004i 4500</leader>
  <controlfield tag="001">UP-99796217611965020</controlfield>
  <controlfield tag="003">Buklod</controlfield>
  <controlfield tag="005">20160302160537.0</controlfield>
  <controlfield tag="006">a     r    |||| u|</controlfield>
  <controlfield tag="007">ta</controlfield>
  <controlfield tag="008">040910s2005    nyufm   rb   a000 0aeng d</controlfield>
  <datafield tag="020" ind1=" " ind2=" ">
   <subfield code="a">0060733942</subfield>
  </datafield>
  <datafield tag="020" ind1=" " ind2=" ">
   <subfield code="a">9780060733940</subfield>
  </datafield>
  <datafield tag="035" ind1=" " ind2=" ">
   <subfield code="a">(iLib)UPD-00254210724</subfield>
  </datafield>
  <datafield tag="040" ind1=" " ind2=" ">
   <subfield code="a">UtOrBLW</subfield>
   <subfield code="d">DAC</subfield>
   <subfield code="e">rda</subfield>
  </datafield>
  <datafield tag="041" ind1="0" ind2=" ">
   <subfield code="a">eng</subfield>
  </datafield>
  <datafield tag="042" ind1=" " ind2=" ">
   <subfield code="a">DMLUC</subfield>
  </datafield>
  <datafield tag="090" ind1=" " ind2=" ">
   <subfield code="a">E 184 K45</subfield>
   <subfield code="b">U54 2005</subfield>
  </datafield>
  <datafield tag="100" ind1="1" ind2=" ">
   <subfield code="a">Ung, Loung</subfield>
   <subfield code="e">author</subfield>
  </datafield>
  <datafield tag="245" ind1="1" ind2="0">
   <subfield code="a">Lucky child</subfield>
   <subfield code="b">a daughter of Cambodia reunites with the sister she left behind</subfield>
   <subfield code="c">Loung Ung.</subfield>
  </datafield>
  <datafield tag="264" ind1=" " ind2="1">
   <subfield code="a">New York</subfield>
   <subfield code="b">HarperCollins</subfield>
   <subfield code="c">2005.</subfield>
  </datafield>
  <datafield tag="300" ind1=" " ind2=" ">
   <subfield code="a">xv, 268 pages, [16] pages of plates</subfield>
   <subfield code="b">illustrations</subfield>
   <subfield code="c">24 cm.</subfield>
  </datafield>
  <datafield tag="336" ind1=" " ind2=" ">
   <subfield code="a">text</subfield>
   <subfield code="2">rdacontent.</subfield>
  </datafield>
  <datafield tag="337" ind1=" " ind2=" ">
   <subfield code="a">unmediated</subfield>
   <subfield code="2">rdamedia.</subfield>
  </datafield>
  <datafield tag="338" ind1=" " ind2=" ">
   <subfield code="a">volume</subfield>
   <subfield code="2">rdacarrier.</subfield>
  </datafield>
  <datafield tag="504" ind1=" " ind2=" ">
   <subfield code="a">Includes bibliographical references (pages 267-268)</subfield>
  </datafield>
  <datafield tag="505" ind1="0" ind2=" ">
   <subfield code="a">The Ung family tree -- Welcome to America -- Chou -- Minnie Mouse and gunfire -- War in peace -- &quot;Hungry, hungry hippos&quot; -- Amah's reunion -- Square vanilla journal -- Restless spirit -- Ghosts in costume and snow -- A child is lost -- The first American Ung -- Totally awesome U.S.A. -- A box from America -- The Killing fields in my living room -- Living their last wind -- Sex ed -- Betrothed -- Sweet sixteen -- A peasant princess -- Write what you know -- Flying solo -- A motherless mother -- No Suzy Wong -- Eldest brother returns -- Seeing monkey -- Khouy's town -- Ma's daughters.</subfield>
  </datafield>
  <datafield tag="520" ind1="1" ind2=" ">
   <subfield code="a">&quot;When Loung Ung came to America in 1980 as a ten-year-old Cambodian refugee, she had already survived years of hunger, violence, and loss at the hands of the Khmer Rouge, a story she told in her bestseller, First They Killed My Father. Now, in Lucky Child, Ung writes of assimilation and, in alternating chapters, gives voice to a genocide survivor she left behind in rural Cambodia, her older sister Chou.&quot; &quot;Loung was the lucky child, the sibling Eldest Brother chose to take with him to America. The youngest and the scrappiest, she was the one he believed had the best chance of making it. Just two years apart, Chou and Loung had bonded deeply over the deaths of their parents and sisters. As they stood holding hands in their dusty village while the extended family gathered to say good-bye, they never imagined that fifteen years would pass before they would be reunited again.&quot; &quot;Ung describes what it is like to survive in a new culture while surmounting dogged memories of genocide and the deep scars of war. Not only must she learn about Disney characters and Christmas trees to fit in with her classmates, she must also come to understand life in a nation of peace: that the Fourth of July fireworks are not bombs and that she doesn't have to hide food in her bed every night to make sure she has enough to eat.&quot; &quot;An accomplished activist and writer, Ung has now returned to Cambodia many times, and in this recreation of Chou's life, she writes the story that so easily could have been hers. Both redemptive and searing, Lucky Child highlights the harsh realities of chance and circumstance and celebrates the indomitability of the human spirit.&quot;--Jacket.</subfield>
  </datafield>
  <datafield tag="600" ind1="1" ind2="0">
   <subfield code="a">Ung, Chou.</subfield>
  </datafield>
  <datafield tag="600" ind1="1" ind2="0">
   <subfield code="a">Ung, Chou</subfield>
   <subfield code="x">Family.</subfield>
  </datafield>
  <datafield tag="650" ind1=" " ind2="0">
   <subfield code="a">Cambodian Americans</subfield>
   <subfield code="v">Biography.</subfield>
  </datafield>
  <datafield tag="650" ind1=" " ind2="0">
   <subfield code="a">Refugees</subfield>
   <subfield code="z">United States</subfield>
   <subfield code="v">Biography.</subfield>
  </datafield>
  <datafield tag="650" ind1=" " ind2="0">
   <subfield code="a">Sisters</subfield>
   <subfield code="z">United States</subfield>
   <subfield code="v">Biography.</subfield>
  </datafield>
  <datafield tag="650" ind1=" " ind2="0">
   <subfield code="a">Sisters</subfield>
   <subfield code="z">Cambodia</subfield>
   <subfield code="v">Biography.</subfield>
  </datafield>
  <datafield tag="650" ind1=" " ind2="0">
   <subfield code="a">Political atrocities</subfield>
   <subfield code="z">Cambodia</subfield>
   <subfield code="x">History</subfield>
   <subfield code="y">20th century.</subfield>
  </datafield>
  <datafield tag="651" ind1=" " ind2="0">
   <subfield code="a">Cambodia</subfield>
   <subfield code="v">Biography.</subfield>
  </datafield>
  <datafield tag="905" ind1=" " ind2=" ">
   <subfield code="a">FO</subfield>
  </datafield>
  <datafield tag="852" ind1="0" ind2=" ">
   <subfield code="a">UPD</subfield>
   <subfield code="b">DAC</subfield>
   <subfield code="h">E 184 K45</subfield>
   <subfield code="i">U54 2005</subfield>
  </datafield>
  <datafield tag="942" ind1=" " ind2=" ">
   <subfield code="a">Book</subfield>
  </datafield>
 </record>
</collection>
